书目信息 |
| 题名: |
唤醒心中的数学家
|
|
| 作者: | 达戈斯蒂诺 著 ;何婧誉 译 | |
| 分册: | ||
| 出版信息: | 北京 人民邮电出版社 2024.04 |
|
| 页数: | 281页 | |
| 开本: | 24cm | |
| 丛书名: | ||
| 单 册: | ||
| 中图分类: | O1-49 | |
| 科图分类: | ||
| 主题词: | 数学--shu xue--普及读物 | |
| 电子资源: | ||
| ISBN: | 978-7-115-63189-3 | |
| 000 | 01875nam0 2200313 450 | |
| 001 | 89337 | |
| 005 | 20250814110149.50 | |
| 010 | @a978-7-115-63189-3@dCNY89.80 | |
| 099 | @aCAL 012024042336 | |
| 100 | @a20240430d2024 em y0chiy50 ea | |
| 101 | 1 | @achi@ceng |
| 102 | @aCN@b110000 | |
| 105 | @aak a 000yy | |
| 106 | @ar | |
| 200 | 1 | @a唤醒心中的数学家@Ahuan xing xin zhong de shu xue jia@e帮你爱上数学的生活手账@f(美) 苏珊·达戈斯蒂诺著@d= How to free your inner mathematician@enotes on mathematics and life@fSusan D'Agostino@g何婧誉译@zeng |
| 210 | @a北京@c人民邮电出版社@d2024.04 | |
| 215 | @a281页@c图@d24cm | |
| 306 | @a本书中文简体字版由Oxford University Press授权人民邮电出版社有限公司独家出版 | |
| 314 | @a苏珊·达戈斯蒂诺 (Susan D'Agostino), 数学家、科普作家, 美国达特茅斯学院数学博士。《原子科学家公报》副总编, 美国数学协会期刊《数学地平线》编委会成员, 并为《量子》《科学美国人》《自然》《泰晤士高等教育》《高等教育纪事报》等媒体撰稿。 | |
| 320 | @a有书目 (第278-281页) | |
| 330 | @a本书与生活常识紧密相关的数学手账中, 我们将学会正确看待数学学习中的恐惧与挫折感, 体会数学思维带来的快乐。作者凭借丰富的教学经验和感悟, 借助引人入胜的数学知识和300多幅手绘插画, 用简单的语言讲述了对称、模糊逻辑、彭罗斯图案、无穷、孪生质数猜想、博弈论、费马大定理等有趣的数学话题, 借此鼓励读者学会处理数学学习中的困难与变化, 找到适合自己的思考方法。无论是学生还是数学爱好者, 都能在阅读本书的过程中获得学习数学的勇气与自信, 唤醒自己“心中的数学家”。 | |
| 500 | 10 | @aHow to free your inner mathematician : notes on mathematics and life@mChinese |
| 517 | 1 | @a帮你爱上数学的生活手账@Abang ni ai shang shu xue de sheng huo shou zhang |
| 606 | 0 | @a数学@Ashu xue@j普及读物 |
| 690 | @aO1-49@v5 | |
| 701 | 1 | @a达戈斯蒂诺@Adagesidinuo@g(D'Agostino, Susan)@4著 |
| 702 | 0 | @a何婧誉@Ahe jing yu@4译 |
| 801 | 0 | @aCN@c20250909 |
| 905 | @a河南城建学院图书馆@dO1-49@eD004@f1 | |
| 唤醒心中的数学家:帮你爱上数学的生活手账/(美) 苏珊·达戈斯蒂诺著= How to free your inner mathematician:notes on mathematics and life/Susan D'Agostino/何婧誉译.-北京:人民邮电出版社,2024.04 |
| 281页:图;24cm |
| ISBN 978-7-115-63189-3:CNY89.80 |
| 本书与生活常识紧密相关的数学手账中, 我们将学会正确看待数学学习中的恐惧与挫折感, 体会数学思维带来的快乐。作者凭借丰富的教学经验和感悟, 借助引人入胜的数学知识和300多幅手绘插画, 用简单的语言讲述了对称、模糊逻辑、彭罗斯图案、无穷、孪生质数猜想、博弈论、费马大定理等有趣的数学话题, 借此鼓励读者学会处理数学学习中的困难与变化, 找到适合自己的思考方法。无论是学生还是数学爱好者, 都能在阅读本书的过程中获得学习数学的勇气与自信, 唤醒自己“心中的数学家”。 |
| ● |
| 相关链接 |
|
|
|
正题名:唤醒心中的数学家
索取号:O1-49/D004
 
预约/预借
| 序号 | 登录号 | 条形码 | 馆藏地/架位号 | 状态 | 备注 |
| 1 | 1623299 | 216232994 | 自科库401/ [索取号:O1-49/D004] | 在馆 |